[Event "ODEM U25 2010"]
[Site "Oberhof GER"]
[Date "2010.05.29"]
[Round "9"]
[White "Isakson, Alex"]
[Black "Bulygin, Anton"]
[Result "1/2-1/2"]
[Termination "normal"]
[Board "7"]
[WhiteElo "1926"]
[BlackElo "2051"]
[PlyCount "69"]
[WhiteFideId "24637351"]
[BlackFideId "24143022"]
[EventCountry "GER"]
[EventRounds "9"]
[EventType "swiss"]
[EventDate "2010.05.22"]

1. e4 c6 2. d4 d5 3. exd5 cxd5 4. c4 e6 5. Nc3 Nc6 6. Nf3 Nf6 7. Bg5 Be7 8. a3
O-O 9. Bd3 h6 10. Bh4 a6 11. c5 b6 12. b4 bxc5 13. bxc5 Qa5 14. Qd2 Ra7 15. O-O
Nh5 16. Bxe7 Rxe7 17. Rfb1 f5 18. Bf1 g5 19. Rb6 Rc7 20. Qd3 Nf6 21. Nd2 Ne4
22. Ndxe4 fxe4 23. Qe3 Rff7 24. a4 Ne7 25. Rab1 Nf5 26. Qd2 Rf8 27. Be2 e5 28.
Nxe4 Qxd2 29. Nxd2 Nxd4 30. Bxa6 Rxc5 31. Rxh6 Bxa6 32. Rxa6 Rc2 33. Nf3 Nxf3+
34. gxf3 Rxf3 35. Rg6+ 1/2-1/2

[Event "ODEM U25 2010"]
[Site "Oberhof GER"]
[Date "2010.05.29"]
[Round "9"]
[White "Arps, Jan-Philipp"]
[Black "Becker, Carsten"]
[Result "1/2-1/2"]
[Termination "normal"]
[Board "8"]
[WhiteElo "2013"]
[BlackElo "2007"]
[PlyCount "29"]
[WhiteFideId "24645680"]
[BlackFideId "24646822"]
[EventCountry "GER"]
[EventRounds "9"]
[EventType "swiss"]
[EventDate "2010.05.22"]

1. e4 e6 2. d4 d5 3. Nc3 dxe4 4. Nxe4 Bd7 5. Nf3 Bc6 6. Bd3 Bxe4 7. Bxe4 c6 8.
Bd2 Nf6 9. Bd3 Nbd7 10. Qe2 Bd6 11. c4 O-O 12. O-O e5 13. Bc2 exd4 14. Nxd4 Re8
15. Qd1 1/2-1/2

[Event "ODEM U25 2010"]
[Site "Oberhof GER"]
[Date "2010.05.29"]
[Round "9"]
[White "Remy, Janina"]
[Black "Ehlers, Michael"]
[Result "1-0"]
[Termination "normal"]
[Board "9"]
[WhiteElo "1989"]
[BlackElo "1958"]
[PlyCount "101"]
[WhiteFideId "24627348"]
[BlackFideId "4674537"]
[EventCountry "GER"]
[EventRounds "9"]
[EventType "swiss"]
[EventDate "2010.05.22"]

1. e4 c5 2. Nf3 Nc6 3. Bb5 Nd4 4. Nxd4 cxd4 5. O-O e6 6. d3 a6 7. Ba4 b5 8. Bb3
d6 9. f4 Qc7 10. Nd2 Ne7 11. Nf3 Nc6 12. f5 h6 13. Nh4 e5 14. Qh5 Na5 15. Bd2
Nxb3 16. cxb3 Be7 17. Rac1 Qd8 18. Nf3 Bf6 19. g4 Ke7 20. Rc2 Bb7 21. Rfc1 Rc8
22. Rxc8 Bxc8 23. Qh3 Bb7 24. Qg3 g6 25. fxg6 fxg6 26. g5 hxg5 27. Bxg5 Rh5 28.
Rf1 Bxg5 29. Nxg5 Kd7 30. Nf7 Qh4 31. Qxh4 Rxh4 32. Rf2 Rh3 33. Rd2 Ke7 34. Ng5
Re3 35. b4 d5 36. exd5 Bxd5 37. a3 Ba8 38. Kf2 Kf6 39. Nh7+ Kf5 40. Kf1 Kg4 41.
Nf6+ Kh3 42. Nd7 Bg2+ 43. Rxg2 Rxd3 44. Rxg6 Re3 45. Rg3+ Rxg3 46. hxg3 Kxg3
47. Nxe5 Kf4 48. Nd7 Ke3 49. Ke1 Kd3 50. Kd1 Kc4 51. Ne5+ 1-0

[Event "ODEM U25 2010"]
[Site "Oberhof GER"]
[Date "2010.05.29"]
[Round "9"]
[White "Hartzendorf, Jonathan"]
[Black "Carow, Annelen"]
[Result "0-1"]
[Termination "normal"]
[Board "11"]
[WhiteElo "1671"]
[BlackElo "1773"]
[PlyCount "104"]
[WhiteFideId "24660990"]
[BlackFideId "24692492"]
[EventCountry "GER"]
[EventRounds "9"]
[EventType "swiss"]
[EventDate "2010.05.22"]

1. c4 e6 2. d4 d5 3. Nc3 Nf6 4. Bg5 c6 5. e3 Nbd7 6. Nf3 Qa5 7. Nd2 Bb4 8. Qc2
O-O 9. Be2 dxc4 10. Bxf6 Nxf6 11. Nxc4 Qc7 12. O-O Be7 13. Ne4 Nxe4 14. Qxe4 b5
15. Ne5 Bb7 16. Bd3 g6 17. Qg4 Bf6 18. f4 Qe7 19. Rac1 Rac8 20. Rc5 Rfd8 21. g3
Rd5 22. Rfc1 Qf8 23. Be4 Rxc5 24. Rxc5 Be7 25. Rc2 f5 26. Nxg6 fxg4 27. Nxf8
Bxf8 28. f5 exf5 29. Bxf5 Re8 30. Kf2 Bh6 31. e4 Bc8 32. Bxc8 Rxc8 33. d5 Rf8+
34. Ke2 cxd5 35. exd5 Rd8 36. Rc5 a6 37. Rc6 Bf8 38. Rxa6 Rxd5 39. Rb6 Rh5 40.
Kd3 b4 41. Ke4 Rxh2 42. a3 bxa3 43. bxa3 Bxa3 44. Kf4 h5 45. Rb8+ Kf7 46. Rb7+
Be7 47. Rb5 Rf2+ 48. Ke4 Kg6 49. Rb3 Bf6 50. Rd3 Rc2 51. Kf4 Rc4+ 52. Ke3 Rc3
0-1

[Event "ODEM U25 2010"]
[Site "Oberhof GER"]
[Date "2010.05.29"]
[Round "9"]
[White "Yin, Stanley"]
[Black "Matschewsky, Justus"]
[Result "1/2-1/2"]
[Termination "normal"]
[Board "12"]
[WhiteElo "1976"]
[BlackElo "1727"]
[PlyCount "41"]
[WhiteFideId "24622729"]
[BlackFideId "24678708"]
[EventCountry "GER"]
[EventRounds "9"]
[EventType "swiss"]
[EventDate "2010.05.22"]

1. g3 d5 2. Bg2 Nf6 3. c3 e5 4. Na3 c6 5. Nc2 Be6 6. d3 Be7 7. Nf3 Nbd7 8. O-O
O-O 9. Nd2 Bd6 10. e4 Qc7 11. d4 dxe4 12. Nxe4 Nxe4 13. Bxe4 Nf6 14. Bg2 Rad8
15. Bg5 Be7 16. Qe2 h6 17. dxe5 hxg5 18. exf6 Bxf6 19. Ne3 Rfe8 20. Rfd1 Re7
21. Ng4 1/2-1/2

[Event "ODEM U25 2010"]
[Site "Oberhof GER"]
[Date "2010.05.29"]
[Round "9"]
[White "Hartewig, Philipp"]
[Black "Baier, Christoph"]
[Result "1/2-1/2"]
[Termination "normal"]
[Board "13"]
[WhiteElo "1650"]
[BlackElo "1841"]
[PlyCount "45"]
[WhiteFideId "1270639"]
[BlackFideId "24655759"]
[EventCountry "GER"]
[EventRounds "9"]
[EventType "swiss"]
[EventDate "2010.05.22"]

1. d4 Nf6 2. c4 g6 3. Nc3 Bg7 4. e4 d6 5. Be2 O-O 6. Bg5 c6 7. h3 Nbd7 8. Nf3
e5 9. d5 c5 10. Qd2 a6 11. a4 Rb8 12. O-O Qe8 13. Nh2 Kh8 14. f4 Ng8 15. f5 f6
16. Be3 g5 17. g4 Qe7 18. Kg2 Nh6 19. Rh1 Nf7 20. Nf1 h6 21. h4 Kh7 22. Ng3 Rh8
23. hxg5 1/2-1/2

[Event "ODEM U25 2010"]
[Site "Oberhof GER"]
[Date "2010.05.29"]
[Round "9"]
[White "Arsen, Abrahamyan"]
[Black "Höpfner, Tim"]
[Result "0-1"]
[Termination "normal"]
[Board "14"]
[WhiteElo "1664"]
[BlackElo "1877"]
[PlyCount "58"]
[BlackFideId "4638310"]
[EventCountry "GER"]
[EventRounds "9"]
[EventType "swiss"]
[EventDate "2010.05.22"]

1. e4 c5 2. Nf3 d6 3. d4 cxd4 4. Qxd4 Nc6 5. Bb5 Bd7 6. Bxc6 Bxc6 7. Nc3 h6 8.
Be3 e5 9. Qd3 Nf6 10. h3 Be7 11. O-O-O O-O 12. g4 Qa5 13. Kb1 b5 14. Nd5 Bxd5
15. exd5 e4 16. Bd2 Qc7 17. Qb3 exf3 18. Qxf3 Rfc8 19. Rc1 Qc4 20. Bc3 Nxd5 21.
Rhe1 Nxc3+ 22. bxc3 Bf6 23. Re4 Qxc3 24. Qxc3 Rxc3 25. Rd1 Rac8 26. Re2 Rxh3
27. Red2 Rhc3 28. f3 Be5 29. Rf1 R8c4 0-1

[Event "ODEM U25 2010"]
[Site "Oberhof GER"]
[Date "2010.05.29"]
[Round "9"]
[White "Kast, Joannis"]
[Black "Valet, Alexander"]
[Result "0-1"]
[Termination "normal"]
[Board "15"]
[WhiteElo "1733"]
[BlackElo "1901"]
[PlyCount "118"]
[WhiteFideId "24698776"]
[BlackFideId "24682560"]
[EventCountry "GER"]
[EventRounds "9"]
[EventType "swiss"]
[EventDate "2010.05.22"]

1. e4 d5 2. exd5 Qxd5 3. Nc3 Qa5 4. d4 c6 5. Bc4 Bf5 6. Nf3 Nf6 7. Bd2 Qc7 8.
Ne5 e6 9. g4 Be4 10. Nxe4 Nxe4 11. f3 Nxd2 12. Qxd2 Bd6 13. O-O-O Nd7 14. f4
O-O-O 15. Qf2 Nb6 16. Bb3 Nd5 17. Rhf1 Rhf8 18. h3 a6 19. Kb1 g5 20. Bxd5 exd5
21. Nd3 f5 22. fxg5 fxg4 23. Qg2 g3 24. Rxf8 Rxf8 25. Rf1 Rxf1+ 26. Qxf1 Qg7
27. Qg2 Qxd4 28. a3 Qe4 29. Qxe4 dxe4 30. Ne1 Bf4 31. Ng2 Bxg5 32. c3 Kd7 33.
Kc2 Ke6 34. Kd1 Kd5 35. b3 e3 36. Ke2 Ke6 37. Ne1 Bf6 38. Ng2 Bxc3 39. Nxe3 Bd4
40. Ng2 Bf2 41. h4 Kd5 42. Kd2 c5 43. h5 b5 44. h6 c4 45. bxc4+ Kxc4 46. Kc2
Kd4 47. Kd2 Ke4 48. Ke2 Kf5 49. Kf3 Kg5 50. Ke2 Kxh6 51. Kf3 Kg5 52. Ke2 a5 53.
Kd2 Kg4 54. Ke2 h5 55. Kd2 h4 56. Nxh4 Kxh4 57. Ke2 Kh3 58. Kf3 Kh2 59. Ke4 g2
0-1

[Event "ODEM U25 2010"]
[Site "Oberhof GER"]
[Date "2010.05.29"]
[Round "9"]
[White "Feller, Florian"]
[Black "Schneider, Johannes"]
[Result "0-1"]
[Termination "normal"]
[Board "16"]
[WhiteElo "1933"]
[BlackElo "1801"]
[PlyCount "114"]
[WhiteFideId "4640896"]
[BlackFideId "24687260"]
[EventCountry "GER"]
[EventRounds "9"]
[EventType "swiss"]
[EventDate "2010.05.22"]

1. e4 c5 2. Nf3 d6 3. d4 cxd4 4. Nxd4 Nf6 5. Nc3 a6 6. Bg5 e6 7. f4 Be7 8. Qf3
Nbd7 9. O-O-O Qc7 10. g4 b5 11. Bxf6 Bxf6 12. g5 Be7 13. f5 Bxg5+ 14. Kb1 e5
15. Ndxb5 axb5 16. Nxb5 Qa5 17. Nxd6+ Ke7 18. Bc4 Ba6 19. Bb3 Bf6 20. Nxf7 Rhf8
21. Nd6 Nc5 22. Rd5 Qc7 23. Qc3 Rac8 24. Nxc8+ Rxc8 25. Qe3 Bb7 26. Rd2 Nxe4
27. Rhd1 Nxd2+ 28. Rxd2 Rd8 29. Rxd8 Qxd8 30. c3 h6 31. a4 Qd6 32. a5 Ba6 33.
Qa7+ Ke8 34. Qa8+ Bd8 35. Bc2 Bc4 36. b4 Bd3 37. Qb7 Bc7 38. Qc8+ Ke7 39. Kb2
e4 40. a6 Bxa6 41. Qg8 Qe5 42. Bxe4 Qxh2+ 43. Kb3 Qe5 44. Qh7 Bc8 45. Bc2 Bd7
46. Qg6 Qd5+ 47. c4 Qd4 48. f6+ Qxf6 49. Qxf6+ Kxf6 50. Be4 Ke5 51. Bg2 Kd4 52.
Bd5 g5 53. Bf7 g4 54. Kc2 g3 55. Bd5 Be6 56. Bf3 h5 57. Kd2 Bxc4 0-1

[Event "ODEM U25 2010"]
[Site "Oberhof GER"]
[Date "2010.05.29"]
[Round "9"]
[White "Eigemann, Julian"]
[Black "Veit, Björn"]
[Result "1-0"]
[Termination "normal"]
[Board "18"]
[WhiteElo "1841"]
[BlackElo "1742"]
[PlyCount "63"]
[WhiteFideId "24666599"]
[BlackFideId "24600717"]
[EventCountry "GER"]
[EventRounds "9"]
[EventType "swiss"]
[EventDate "2010.05.22"]

1. e4 d5 2. exd5 Qxd5 3. Nc3 Qa5 4. Bc4 Nf6 5. Nf3 Bf5 6. d3 c6 7. Qe2 e6 8.
Bd2 Qc7 9. Nd4 Bg6 10. Bxe6 Be7 11. Bf5 O-O 12. Bxg6 hxg6 13. O-O-O Re8 14. Qf3
Nbd7 15. h4 Ne5 16. Qh3 Qc8 17. f3 Qxh3 18. Rxh3 Rad8 19. Nde2 c5 20. g4 a6 21.
h5 gxh5 22. g5 Nfd7 23. f4 Nc6 24. Rxh5 Bd6 25. Rdh1 Kf8 26. Nd5 Ne7 27. Nec3
Rb8 28. Rh8+ Ng8 29. Ne4 Be7 30. Bc3 f6 31. gxf6 gxf6 32. Bxf6 1-0

[Event "ODEM U25 2010"]
[Site "Oberhof GER"]
[Date "2010.05.29"]
[Round "9"]
[White "Kühne, Niklas"]
[Black "Luther, Alexander"]
[Result "1-0"]
[Termination "normal"]
[Board "19"]
[WhiteElo "1652"]
[BlackElo "1944"]
[PlyCount "67"]
[WhiteFideId "24690015"]
[BlackFideId "24682616"]
[EventCountry "GER"]
[EventRounds "9"]
[EventType "swiss"]
[EventDate "2010.05.22"]

1. c4 Nf6 2. Nc3 d5 3. d4 g6 4. Nf3 Bg7 5. e3 O-O 6. Bd3 c6 7. O-O Nbd7 8. Bd2
a6 9. c5 Re8 10. Qc2 e5 11. dxe5 Nxe5 12. Nxe5 Rxe5 13. Ne2 Ne4 14. Nd4 Nxd2
15. Qxd2 Qc7 16. Be2 Bd7 17. Bf3 Rae8 18. Rac1 Qc8 19. Qd1 Rg5 20. b4 Bh3 21.
Kh1 Bg4 22. Bxg4 Rxg4 23. Qd2 Bxd4 24. exd4 Ree4 25. f3 Rxd4 26. Qe3 Rxg2 27.
Kxg2 Rh4 28. f4 d4 29. Qf3 Qf5 30. h3 d3 31. Rcd1 Qe6 32. Rxd3 Qxa2+ 33. Qf2
Qc4 34. Rd8+ 1-0

[Event "ODEM U25 2010"]
[Site "Oberhof GER"]
[Date "2010.05.29"]
[Round "9"]
[White "Hundt, Fabian"]
[Black "Twerskoi, David"]
[Result "1-0"]
[Termination "normal"]
[Board "20"]
[WhiteElo "1948"]
[BlackElo "1632"]
[PlyCount "49"]
[WhiteFideId "4645294"]
[EventCountry "GER"]
[EventRounds "9"]
[EventType "swiss"]
[EventDate "2010.05.22"]

1. d4 d5 2. Nf3 Nf6 3. c4 e6 4. Nc3 Be7 5. Bg5 c6 6. e3 O-O 7. Qc2 Nbd7 8. cxd5
exd5 9. Bd3 Re8 10. O-O Nf8 11. Rab1 a5 12. a3 Ne4 13. Bf4 Ng5 14. Bxg5 Bxg5
15. b4 h5 16. b5 h4 17. bxc6 bxc6 18. Ne5 Qd6 19. Qa4 Bd7 20. Rb7 h3 21. g3
Red8 22. Rfb1 c5 23. Nxd7 Nxd7 24. Bf5 Nf8 25. R1b6 1-0

[Event "ODEM U25 2010"]
[Site "Oberhof GER"]
[Date "2010.05.29"]
[Round "9"]
[White "Siegl, Pascal"]
[Black "Meiser, Michael"]
[Result "0-1"]
[Termination "normal"]
[Board "21"]
[WhiteElo "1595"]
[BlackElo "1967"]
[PlyCount "74"]
[WhiteFideId "24657069"]
[BlackFideId "24659762"]
[EventCountry "GER"]
[EventRounds "9"]
[EventType "swiss"]
[EventDate "2010.05.22"]

1. e4 c5 2. f4 d5 3. exd5 Qxd5 4. Nc3 Qd8 5. Bb5+ Bd7 6. Bxd7+ Qxd7 7. Nf3 Nc6
8. O-O e6 9. d3 Nf6 10. Ne4 Be7 11. Be3 b6 12. Qe2 Nd5 13. c3 Rd8 14. Rad1 Qc7
15. g3 O-O 16. Bf2 e5 17. fxe5 Nxe5 18. Nxe5 Qxe5 19. d4 cxd4 20. Bxd4 Qe6 21.
Rde1 Rfe8 22. Qf3 Qg6 23. Re2 Nc7 24. Nd2 Ne6 25. Rfe1 Rxd4 26. Rxe6 fxe6 27.
cxd4 Bf6 28. Qe4 Qxe4 29. Rxe4 Rc8 30. Nf3 Rc2 31. Rxe6 Rxb2 32. d5 Rxa2 33. d6
Ra1+ 34. Kf2 Kf7 35. Re3 Rd1 36. Ra3 a5 37. Rb3 Rxd6 0-1

[Event "ODEM U25 2010"]
[Site "Oberhof GER"]
[Date "2010.05.29"]
[Round "9"]
[White "Mainik, Philipp"]
[Black "Hefner, Felix"]
[Result "0-1"]
[Termination "normal"]
[Board "22"]
[WhiteElo "1716"]
[BlackElo "1597"]
[PlyCount "96"]
[WhiteFideId "4638646"]
[BlackFideId "12910651"]
[EventCountry "GER"]
[EventRounds "9"]
[EventType "swiss"]
[EventDate "2010.05.22"]

1. e4 e5 2. Nc3 Nf6 3. g3 d6 4. Bg2 Nbd7 5. Nge2 Be7 6. d3 O-O 7. f4 c6 8. Be3
b5 9. a3 Bb7 10. h3 a6 11. d4 exd4 12. Nxd4 c5 13. Nf5 Nb6 14. O-O Nc4 15. Bc1
Re8 16. b3 Nb6 17. Re1 Bf8 18. Qd3 g6 19. Nh4 Rb8 20. Bb2 Bg7 21. Rad1 Nh5 22.
Qxd6 Bd4+ 23. Rxd4 cxd4 24. Qxd8 Rbxd8 25. Ne2 d3 26. cxd3 Rxd3 27. g4 Ng7 28.
Nd4 Ne6 29. Nxe6 Rxe6 30. f5 gxf5 31. Nxf5 Rxb3 32. Rd1 Re8 33. Be5 h5 34. Bc7
Nc4 35. Rd7 Bc8 36. Ne7+ Kf8 37. Nxc8 Rxc8 38. e5 hxg4 39. hxg4 Rb1+ 40. Kh2
Rb2 41. Kg1 Rd2 42. Bd6+ Nxd6 43. exd6 Rc1+ 44. Bf1 Rdd1 45. Rd8+ Kg7 46. d7
Rxf1+ 47. Kg2 Rfd1 48. Rc8 Rd2+ 0-1

[Event "ODEM U25 2010"]
[Site "Oberhof GER"]
[Date "2010.05.29"]
[Round "9"]
[White "Senf, Paul"]
[Black "Holle, Eric"]
[Result "1/2-1/2"]
[Termination "normal"]
[Board "23"]
[WhiteElo "1593"]
[BlackElo "1694"]
[PlyCount "86"]
[WhiteFideId "12900389"]
[BlackFideId "4624610"]
[EventCountry "GER"]
[EventRounds "9"]
[EventType "swiss"]
[EventDate "2010.05.22"]

1. e4 e6 2. d4 d5 3. Nc3 Nf6 4. e5 Nfd7 5. f4 a6 6. Nf3 c5 7. g3 Nc6 8. Ne2
cxd4 9. Nexd4 Bc5 10. c3 a5 11. Bg2 Qb6 12. O-O f6 13. exf6 Nxf6 14. h3 O-O 15.
Kh2 Bd7 16. Nxc6 Bxc6 17. Ne5 Bb5 18. Rh1 Rad8 19. Qc2 Bf2 20. Bf3 g5 21. Kg2
Bc5 22. Re1 gxf4 23. Bxf4 Ne4 24. a4 Ba6 25. Bxe4 dxe4 26. Rxe4 Bd6 27. Rae1
Bxe5 28. Rxe5 Bd3 29. Rg5+ Kf7 30. Qf2 Qxf2+ 31. Kxf2 Rd5 32. Rxd5 exd5 33. Bd6
Re8 34. Rd1 Bc4 35. Rd2 Rc8 36. Bf4 Rc6 37. Kf3 Kg6 38. g4 Kf6 39. h4 Kg6 40.
h5+ Kf6 41. Kg3 Bb3 42. Kf3 Rc8 43. Be3 Bxa4 1/2-1/2

[Event "ODEM U25 2010"]
[Site "Oberhof GER"]
[Date "2010.05.29"]
[Round "9"]
[White "Dohmann, Dorothea"]
[Black "Wachinger, David"]
[Result "1-0"]
[Termination "normal"]
[Board "24"]
[WhiteElo "1844"]
[BlackElo "1500"]
[PlyCount "77"]
[WhiteFideId "12915459"]
[BlackFideId "24692689"]
[EventCountry "GER"]
[EventRounds "9"]
[EventType "swiss"]
[EventDate "2010.05.22"]

1. e4 c6 2. d4 d5 3. e5 Bf5 4. a3 e6 5. c4 dxc4 6. Bxc4 Nd7 7. Nc3 a6 8. h4 h6
9. Nge2 c5 10. Bf4 cxd4 11. Nxd4 Bh7 12. Bd3 Bxd3 13. Qxd3 Qa5 14. O-O-O Nc5
15. Qc2 Ne7 16. Kb1 Nd7 17. Qd2 Rd8 18. Ne4 Nc6 19. Nxc6 Qxd2 20. Rxd2 bxc6 21.
Rhd1 Be7 22. Nd6+ Bxd6 23. Rxd6 Ke7 24. Rxc6 f6 25. exf6+ gxf6 26. Rxa6 e5 27.
Be3 Nb8 28. Rxd8 Rxd8 29. Ra7+ Ke6 30. Bxh6 Nc6 31. Ra6 Kd5 32. b4 Rb8 33. Kb2
Nxb4 34. axb4 Rxb4+ 35. Kc3 Rxh4 36. Rxf6 Rg4 37. g3 e4 38. Rf5+ Kc6 39. Rf4
1-0

[Event "ODEM U25 2010"]
[Site "Oberhof GER"]
[Date "2010.05.29"]
[Round "9"]
[White "Bingert, Tim Niklas"]
[Black "Celmer, Ole"]
[Result "1/2-1/2"]
[Termination "normal"]
[Board "25"]
[WhiteElo "1411"]
[BlackElo "1671"]
[PlyCount "72"]
[WhiteFideId "12917907"]
[BlackFideId "24657107"]
[EventCountry "GER"]
[EventRounds "9"]
[EventType "swiss"]
[EventDate "2010.05.22"]

1. e4 e5 2. Nf3 Nc6 3. Bb5 a6 4. Bxc6 dxc6 5. d4 exd4 6. Qxd4 Qxd4 7. Nxd4 Bd7
8. O-O O-O-O 9. Be3 f6 10. Nc3 Ne7 11. Nde2 Ng6 12. f3 Bd6 13. Bf2 Rhe8 14.
Rfe1 Re7 15. Na4 b6 16. Bg3 Ne5 17. Rad1 Kb7 18. b3 c5 19. Nac3 Bc6 20. Nf4 Nf7
21. Nfd5 Red7 22. Kf2 Bxg3+ 23. Kxg3 f5 24. Ne3 Rxd1 25. Nexd1 fxe4 26. fxe4
Re8 27. Kf4 Ne5 28. Nf2 Ng6+ 29. Kg3 Kc8 30. h4 h5 31. Nd3 Ne5 32. Nxe5 Rxe5
33. Kf4 Re6 34. Kf5 Kd7 35. Re3 g6+ 36. Kf4 Rf6+ 1/2-1/2

[Event "ODEM U25 2010"]
[Site "Oberhof GER"]
[Date "2010.05.29"]
[Round "9"]
[White "Grötzbach, Daniel"]
[Black "Klosa, Kevin"]
[Result "0-1"]
[Termination "normal"]
[Board "26"]
[WhiteElo "1798"]
[BlackElo "1493"]
[PlyCount "62"]
[WhiteFideId "24692166"]
[BlackFideId "12900206"]
[EventCountry "GER"]
[EventRounds "9"]
[EventType "swiss"]
[EventDate "2010.05.22"]

1. e4 e5 2. Nf3 Nc6 3. Bb5 a6 4. Ba4 Nf6 5. O-O b5 6. Bb3 Bb7 7. Re1 Be7 8. d3
O-O 9. a4 d6 10. Nbd2 Na5 11. axb5 Nxb3 12. Nxb3 axb5 13. Rxa8 Qxa8 14. Nbd2 c5
15. Nf1 Qa1 16. Ng3 Ra8 17. h3 h6 18. Nf5 Bf8 19. Nh2 Kh7 20. Ng4 Nxg4 21. Qxg4
Bc8 22. Qf3 Be6 23. g4 g6 24. Ng3 Be7 25. Qe2 Qa2 26. Nf5 gxf5 27. gxf5 Bd7 28.
Qh5 Rg8+ 29. Kh2 Bf8 30. b3 Qxc2 31. Re2 Qxc1 0-1

[Event "ODEM U25 2010"]
[Site "Oberhof GER"]
[Date "2010.05.29"]
[Round "9"]
[White "Orhan, Eda"]
[Black "Mehling, Franziska"]
[Result "0-1"]
[Termination "normal"]
[Board "27"]
[WhiteElo "1778"]
[BlackElo "1477"]
[PlyCount "43"]
[WhiteFideId "24659258"]
[BlackFideId "12900133"]
[EventCountry "GER"]
[EventRounds "9"]
[EventType "swiss"]
[EventDate "2010.05.22"]

1. d4 d5 2. Nf3 Nf6 3. e3 e6 4. Bd3 Bd6 5. O-O Nbd7 6. Nbd2 e5 7. dxe5 Nxe5 8.
Nxe5 Bxe5 9. f4 Bd6 10. Qf3 O-O 11. b3 Re8 12. e4 Bc5+ 13. Kh1 dxe4 14. Nxe4
Nxe4 15. Bxe4 Qd4 16. Re1 Qxa1 17. Bd2 Qd4 18. Bc3 Qf2 19. Bxh7+ Kf8 20. Qxf2
Bxf2 21. Rxe8+ Kxe8 22. Bxg7 0-1

[Event "ODEM U25 2010"]
[Site "Oberhof GER"]
[Date "2010.05.29"]
[Round "9"]
[White "Velina, Valeria"]
[Black "Geldner, Gerrit"]
[Result "1/2-1/2"]
[Termination "normal"]
[Board "28"]
[WhiteElo "1776"]
[BlackElo "1594"]
[PlyCount "48"]
[WhiteFideId "24677345"]
[BlackFideId "24678929"]
[EventCountry "GER"]
[EventRounds "9"]
[EventType "swiss"]
[EventDate "2010.05.22"]

1. e4 d6 2. d4 Nf6 3. Bd3 g6 4. Nf3 Bg7 5. c3 c6 6. O-O Nbd7 7. Re1 O-O 8. h3
Qb6 9. Nbd2 Rd8 10. Nc4 Qc7 11. Bf4 b5 12. e5 bxc4 13. exf6 Nxf6 14. Bxc4 Qb7
15. Qe2 d5 16. Bd3 e6 17. a4 a5 18. Rab1 Qb3 19. Bc2 Qb6 20. Qe5 Ne8 21. Qe2
Nd6 22. Nd2 Ba6 23. Bd3 Bxd3 24. Qxd3 Qa6 1/2-1/2

[Event "ODEM U25 2010"]
[Site "Oberhof GER"]
[Date "2010.05.29"]
[Round "9"]
[White "Bischoff, Nico"]
[Black "Wang, Julia"]
[Result "1/2-1/2"]
[Termination "normal"]
[Board "29"]
[WhiteElo "1518"]
[BlackElo "1722"]
[PlyCount "49"]
[WhiteFideId "24661007"]
[BlackFideId "24692565"]
[EventCountry "GER"]
[EventRounds "9"]
[EventType "swiss"]
[EventDate "2010.05.22"]

1. e4 c6 2. d4 d5 3. Nc3 dxe4 4. Nxe4 Bf5 5. Ng3 Bg6 6. Nf3 Nd7 7. Bd3 Bxd3 8.
Qxd3 e6 9. Bf4 Ngf6 10. O-O Be7 11. Rfe1 O-O 12. c3 c5 13. Qc2 Nd5 14. Be3 Rc8
15. Qe2 c4 16. Nh5 b5 17. Nf4 N7f6 18. Ne5 b4 19. Bd2 Qc7 20. Nh5 bxc3 21. bxc3
Kh8 22. Qf3 Nd7 23. Nxf7+ Kg8 24. Nh6+ Kh8 25. Nf7+ 1/2-1/2

[Event "ODEM U25 2010"]
[Site "Oberhof GER"]
[Date "2010.05.29"]
[Round "9"]
[White "Bauch, Florian"]
[Black "Jorczik, Andreas Carlos"]
[Result "1/2-1/2"]
[Termination "normal"]
[Board "30"]
[WhiteElo "1251"]
[BlackElo "1779"]
[PlyCount "50"]
[BlackFideId "24634921"]
[EventCountry "GER"]
[EventRounds "9"]
[EventType "swiss"]
[EventDate "2010.05.22"]

1. d4 Nf6 2. Nf3 e6 3. c4 d5 4. Nc3 c5 5. dxc5 Bxc5 6. cxd5 exd5 7. Bf4 a6 8.
e3 O-O 9. Bd3 Nc6 10. O-O Re8 11. Bg5 h6 12. Bh4 Nb4 13. a3 Nxd3 14. Qxd3 g5
15. Bg3 Bd6 16. Nxd5 Nxd5 17. Qxd5 Bxg3 18. Qxd8 Bxh2+ 19. Nxh2 Rxd8 20. Nf3
Be6 21. Nd4 Rac8 22. Nxe6 fxe6 23. Rac1 Kf7 24. Rxc8 Rxc8 25. Rd1 Ke7 1/2-1/2

[Event "ODEM U25 2010"]
[Site "Oberhof GER"]
[Date "2010.05.29"]
[Round "9"]
[White "Rosenberger, Andreas"]
[Black "Erben, Katrin"]
[Result "1/2-1/2"]
[Termination "normal"]
[Board "31"]
[WhiteElo "1441"]
[BlackElo "1044"]
[PlyCount "42"]
[WhiteFideId "12900192"]
[BlackFideId "24692743"]
[EventCountry "GER"]
[EventRounds "9"]
[EventType "swiss"]
[EventDate "2010.05.22"]

1. e4 e5 2. Nf3 Nc6 3. d4 exd4 4. Nxd4 Bc5 5. Be3 Qf6 6. c3 Nge7 7. Bc4 O-O 8.
O-O Ne5 9. Be2 d5 10. f3 Be6 11. Nd2 N7c6 12. f4 Nc4 13. Nxc4 dxc4 14. e5 Qd8
15. Kh1 Nxd4 16. cxd4 Bb6 17. Qc2 Bxd4 18. Rad1 c5 19. Bxc4 Qb6 20. Bc1 Bxc4
21. Qxc4 Rad8 1/2-1/2

[Event "ODEM U25 2010"]
[Site "Oberhof GER"]
[Date "2010.05.29"]
[Round "9"]
[White "Leddin, Mathias"]
[Black "Weber, Yannik"]
[Result "1/2-1/2"]
[Termination "normal"]
[Board "32"]
[WhiteElo "1672"]
[BlackElo "1285"]
[PlyCount "35"]
[WhiteFideId "4654684"]
[BlackFideId "24692700"]
[EventCountry "GER"]
[EventRounds "9"]
[EventType "swiss"]
[EventDate "2010.05.22"]

1. e4 e5 2. Nf3 Nc6 3. d4 exd4 4. Nxd4 Bc5 5. Be3 Qf6 6. c3 Nge7 7. Be2 O-O 8.
O-O d6 9. Nc2 Bxe3 10. Nxe3 Qg6 11. Bf3 Ne5 12. Nd2 Nxf3+ 13. Qxf3 f5 14. exf5
Nxf5 15. Qe4 Qf6 16. Nd5 Qf7 17. Rae1 c6 18. Nb4 1/2-1/2

[Event "ODEM U25 2010"]
[Site "Oberhof GER"]
[Date "2010.05.29"]
[Round "9"]
[White "Oltmanns, Bianca"]
[Black "Kirn, Philipp Sebastian"]
[Result "1-0"]
[Termination "normal"]
[Board "33"]
[WhiteElo "1402"]
[BlackElo "1099"]
[PlyCount "83"]
[WhiteFideId "24698008"]
[EventCountry "GER"]
[EventRounds "9"]
[EventType "swiss"]
[EventDate "2010.05.22"]

1. e4 d5 2. exd5 Nf6 3. Bb5+ Bd7 4. Bc4 Bg4 5. f3 Bc8 6. Nc3 c6 7. dxc6 Nxc6 8.
d3 e5 9. Bg5 Be7 10. Qd2 Na5 11. Bb5+ Bd7 12. Bxd7+ Qxd7 13. O-O-O h6 14. Bh4
Nc6 15. Nge2 Nd5 16. Bg3 Qe6 17. Kb1 Ncb4 18. Nxd5 Nxd5 19. Rhe1 O-O 20. Nc1
Bg5 21. Qf2 Bf4 22. c4 Be3 23. Rxe3 Nxe3 24. Qxe3 f6 25. f4 Rfe8 26. Re1 Qc6
27. fxe5 fxe5 28. Re2 e4 29. Nb3 exd3 30. Qxd3 Rad8 31. Rxe8+ Qxe8 32. Qf3 Qf7
33. Qxf7+ Kxf7 34. Kc2 Rc8 35. Kc3 b5 36. c5 Ke6 37. Kd4 Rd8+ 38. Ke4 Rc8 39.
Nd4+ Kd7 40. c6+ Ke8 41. c7 a6 42. Nc6 1-0